| 000 | 00387 a2200157 4500 | ||
|---|---|---|---|
| 001 | 168200 | ||
| 020 | _a | ||
| 040 | _cMagnum | ||
| 100 | _aAzevedo, Francisco Ferreira Dos Santos | ||
| 240 | 1 | 0 |
_aDicionario analogico da lingua portuguesa _lpor |
| 245 | 1 | 0 | _aDicionario analogico da lingua portuguesa |
| 362 | 0 | _a1899 | |
| 440 | 1 | _aThesaurus | |
| 697 | _aDICIONARIOS | ||
| 942 | _cBK | ||
| 999 |
_c168200 _d168200 |
||